Small business : (Record no. 122)

000 -LEADER
fixed length control field 01343cam a2200397 a 4500
003 - CONTROL NUMBER IDENTIFIER
control field ALUPE UNIVERSITY
005 - DATE AND TIME OF LATEST TRANSACTION
control field 20210603095657.0
008 - FIXED-LENGTH DATA ELEMENTS--GENERAL INFORMATION
fixed length control field 100723s2011 oncac b 001 0deng
020 ## - INTERNATIONAL STANDARD BOOK NUMBER
International Standard Book Number 9780534274948 (access code card)
020 ## - INTERNATIONAL STANDARD BOOK NUMBER
International Standard Book Number 0534274943 (access code card)
020 ## - INTERNATIONAL STANDARD BOOK NUMBER
International Standard Book Number 9780176501808
020 ## - INTERNATIONAL STANDARD BOOK NUMBER
International Standard Book Number 0176501800
040 ## - CATALOGING SOURCE
Transcribing agency NLC
050 #4 - LIBRARY OF CONGRESS CALL NUMBER
Classification number HD62.5
Item number .K568 2011
055 #0 - CLASSIFICATION NUMBERS ASSIGNED IN CANADA
Classification number HD62.5
Item number K568 2010
055 00 - CLASSIFICATION NUMBERS ASSIGNED IN CANADA
Classification number HD62 .5
Item number K568 2011 fol.
090 ## - LOCALLY ASSIGNED LC-TYPE CALL NUMBER (OCLC); LOCAL CALL NUMBER (RLIN)
Classification number (OCLC) (R) ; Classification number, CALL (RLIN) (NR) HD 62.5 K66 2011
Local cutter number (OCLC) ; Book number/undivided call number, CALL (RLIN) AOAC
100 1# - MAIN ENTRY--PERSONAL NAME
Personal name Knowles, Ronald A.
245 10 - TITLE STATEMENT
Title Small business :
Remainder of title an entrepreneur's plan /
Statement of responsibility, etc. Ron Knowles, Chris Castillo.
250 ## - EDITION STATEMENT
Edition statement 6th Canadian ed.
260 ## - PUBLICATION, DISTRIBUTION, ETC.
Place of publication, distribution, etc. Toronto :
Name of publisher, distributor, etc. Nelson Education,
Date of publication, distribution, etc. c2011.
300 ## - PHYSICAL DESCRIPTION
Extent xxvii, 438 p. :
Other physical details ill., port. ;
Dimensions 28 cm +
Accompanying material 1 student access code card.
336 ## - CONTENT TYPE
Content type term text
Content type code txt
Source rdacontent
337 ## - MEDIA TYPE
Media type term unmediated
Media type code n
Source rdamedia
338 ## - CARRIER TYPE
Carrier type term volume
Carrier type code nc
Source rdacarrier
500 ## - GENERAL NOTE
General note Accompanied by student access code card affixed to p. [3] of cover.
504 ## - BIBLIOGRAPHY, ETC. NOTE
Bibliography, etc. note Includes bibliographical references and index.
650 #0 - SUBJECT ADDED ENTRY--TOPICAL TERM
Topical term or geographic name entry element New business enterprises
General subdivision Planning.
650 #0 - SUBJECT ADDED ENTRY--TOPICAL TERM
Topical term or geographic name entry element Small business
General subdivision Planning.
700 1# - ADDED ENTRY--PERSONAL NAME
Personal name Castillo, Chris,
Dates associated with a name 1969-
942 ## - ADDED ENTRY ELEMENTS (KOHA)
Source of classification or shelving scheme
Koha item type Book
Suppress in OPAC JO
Holdings
Withdrawn status Lost status Source of classification or shelving scheme Damaged status Not for loan Permanent Location Current Location Shelving location Date acquired Total Checkouts Full call number Barcode Date last seen Price effective from Koha item type Public note
          AU LIBRARY AU LIBRARY Open Shelf 03.06.2021   HD62.5 K568 2011 28000167 03.06.2021 03.06.2021 Book JO

Powered by Koha